00932mam a2200265 a 450000100060000000300080000600500170001400800410003102000150007203500190008704000180010604100080012408200300013224500740016226001210023630000350035750400510039252000260044365000260046965000260049565100230052165100380054470000240058271000600060649639BD-RjUL20211209054716.0160821s1995 ii b 001 0 eng  a0706998545 a(BD-RjUL)49758 aDLCcDLCbeng aeng00a363.960954220bFAM 1995 04aThe Family welfare programme in India /cedited by Hari Mohan Mathur. aNew Delhi :bVikas Pub. House in association with the HCM Rajasthan State Institute of Public Administration,c1995. axx, 202 p. : bill. ; c23 cm. aIncludes bibliographical references and index. aContributed articles. 0aBirth controlzIndia. 0aPublic healthzIndia. 0aIndiaxPopulation. 0aIndiaxEconomic conditionsy1947-1 aMathur, Hari Mohan.2 aHCM Rajasthan State Institute of Public Administration.